000
00277nam a2200121Ia 4500
008
190216s9999||||xx |||||||||||||| ||und||
100
_a
Collins U H
245
0
_a
Choice Of Words
260
_b
Longman &green &co
300
_a
205
650
_a
English Literature
942
_c
BK
999
_c
11588
_d
11588